000 00553nam a2200181Ia 4500
008 090124s9999 xx 000 0 und d
082 _b12991
_a317
100 _aजोशी श्रीपाद
245 _a चिनारच्या छायेत
250 _a1
260 _c1962
300 _a173
600 _aजोशी श्रीपाद
630 _a चिनारच्या छायेत
700 _aजोशी श्रीपाद
730 _a चिनारच्या छायेत
942 _cBOOK
999 _c126930
_d126930